000 00852nam a22001455a 4500
999 _c5220
_d5220
020 _a8186383395
050 _aHD2346
100 1 _aMukherjee, Nilmony,
245 1 0 _aSmall scale industries :
_bproblems and prospects in West Bengal, with special reference to Darjeeling District (1951-'85) /
_cNilmony Mukherjee.
260 _aCalcutta :
_bProgressive Publishers,
_c1997.
300 _a212 p. ;
_c22 cm.
_bOnline version: Mukherjee, Nilmony, 1938- Small scale industries. Calcutta : Progressive Publishers, 1997 (OCoLC)647400650
505 _a1. Introduction 2. Definition and classification 3. Role of small scale industries and their growth 4. Selected problems of small scale industries 5. Financial problems of small scale 6. Government policies and guidlines
650 _a Small business -- India -- West Bengal. .
_xSmall business
942 _cBK